Nachbarländer von Ländern mit "N" - Sudden Death - Statistiken

Allgemein
  • Dieses Quiz wurde 178 mal gespielt
  • Das Durchschnittsergebnis liegt bei 7 aus 12
Answers on the Grid
Answers color-coded by a green-red scale on the quiz's grid according to % correct below.
Angola
Südafrika
Indien
Costa Rica
Deutschland
Mali
Benin
Kamerun
Russland
Griechenland
Albanien
Schweden
Guatemala
Ungarn
Argentinien
Simbabwe
Eritrea
Liberia
Irak
Vietnam
 
Antwortstatistiken
Antwort % Korrekt
Niederlande Deutschland
75%
Norwegen Schweden
73%
Nepal Indien
61%
Namibia Südafrika
58%
Namibia Angola
56%
Nordkorea, Norwegen Russland
54%
Nicaragua Costa Rica
52%
Nordmazedonien Albanien
50%
Nordmazedonien Griechenland
49%
Niger, Nigeria Benin
43%
Nigeria Kamerun
41%
Niger Mali
40%
Keine übereinstimmenden Quizze gefunden
Verteilung der Resultate
Anzahl Personen mit jedem Resultat
Perzentil nach korrekt beantworteten Fragen
Ihre Resultats-Entwicklung
Sie haben dieses Quiz noch nicht gespielt